000 00704nam a2200205 a 4500
008 120416s1982 ||||||||||||||||| || u
020 _a0246117621
050 _aNA 1120 BLU
100 _aBlunt, Anthony
245 1 0 _aGuide to Baroque Rome
260 _aLondon
_bGranada
_c1982
300 _axviii, 317p. : ill.
350 _a0.00
650 _aBUILDINGS --ITALY, ROME--GUIDEBOOKS
650 _aROME, ITALY--BUILDINGS, STRUCTURES, ETC.--GUIDEBOOKS
650 _aRome (Italy) - Guidebooks
650 _aARCHITECTURAL DESIGN--EVALUATION
650 _aTEXTBOOKS
995 _D0.00
_FCBU-MAIN LIBRARY (Kitwe)
_H1
_I15.00
_M1
_UREFERENCE
_ZReference Collection
999 _c45080
_d45080